| 000 | 02078nam a22003255i 4500 | ||
|---|---|---|---|
| 999 |
_c28974 _d28945 |
||
| 003 | EG-ScBUE | ||
| 005 | 20201020133412.0 | ||
| 008 | 200219q2003 ua a f 000 0 ara d | ||
| 040 |
_aEG-ScBUE _bara _erda _cEG-ScBUE _dEG-ScBUE |
||
| 043 | _ama----- | ||
| 082 | 0 | 4 |
_a690.220956 _bك و د _222 |
| 110 | 2 |
_aجامعة الدول العربية. _bمجلس وزراء الإسكان والتعمير العرب |
|
| 245 | 1 | 2 |
_aالكودات العربية الموحدة لتصميم وتنفيذ المباني. _pكودة الوقاية من الحريق وإنذار الحريق / _cمجلس وزراء الإسكان والتعمير العرب. |
| 264 | 1 |
_a[القاهرة] : _bجامعة الدول العربية، مجلس وزراء الإسكان والتعمير العرب، _c[2003] |
|
| 300 |
_aالمجلد 3 : _bإيضاحيات ؛ _c28 سم |
||
| 336 |
_aنص _btxt _2rdacontent |
||
| 337 |
_aبدون وسيط _bn _2rdamedia |
||
| 338 |
_aمجلد _bnc _2rdacarrier |
||
| 505 | 2 | _aالجزء الثالث. أنظمة الكشف والإنذار عن الحريق. | |
| 520 | _aتم إعداد هذه الكودة من قبل مركز بحوث البناء التابع للجمعية العلمية الملكية بموجب الاتفاقية المعقودة بين مجلس البناء الوطني الأردني بصفته الفريق الأول والجمعية العلمية الملكية بصفتها الفريق الثاني. | ||
| 650 | 7 |
_aالمباني _xمواصفات قياسية _zالبلاد العربية. _2BUEsh |
|
| 650 | 7 |
_aالهندسة الإنشائية _zالبلاد العربية. _2BUEsh |
|
| 650 | 7 |
_aالسلامة العامة _zالبلاد العربية. _2BUEsh |
|
| 650 | 7 |
_aمعايير البناء _zالبلاد العربية. _2BUEsh |
|
| 650 | 7 |
_aتصميم المباني _xاحتياطات وقائية _zالبلاد العربية. _2BUEsh _98106 |
|
| 651 | _2BUEsh | ||
| 653 |
_aالوقاية من الحريق _bENGARC _bENGCIV _cOctober2020 |
||
| 653 | _aأنظمة كشف الحريق | ||
| 942 | _2ddc | ||